000
nam a22 7a 4500
999
_c
45901
_d
45901
003
OSt
005
20190409114856.0
008
190409b xxu||||| |||| 00| 0 eng d
040
_c
sero soft
100
_a
Dr.Kapil H.K
245
_a
Aapsamanya Manovigyan
260
_a
Agra
_b
HPB
300
_a
564
942
_2
ddc
_c
01